|
|
|
|
| LEADER |
00000nas a2200000 a 4500 |
| 001 |
ssj0007524 |
| 003 |
WaSeSS |
| 005 |
20200512172242.0 |
| 006 |
m d |
| 007 |
cr n |
| 008 |
750817c19309999inubx p s 0 a0eng c |
| 010 |
|
|
|a a 42001686
|
| 022 |
|
|
|l 0740-4131
|y 0740-4131
|
| 032 |
|
|
|a 087460
|b USPS
|
| 035 |
|
|
|a (WaSeSS)ssj0007524
|
| 037 |
|
|
|b American Camping Association, Bradford Woods, Martinsville, IN 46151-7902
|
| 040 |
|
|
|a MUL
|b eng
|c MUL
|d OCL
|d UCU
|d COO
|d NYG
|d NSD
|d AIP
|d NSD
|d OCL
|d NST
|d DLC
|d NST
|d NSD
|d OCLCQ
|d DLC
|d ZCU
|d CUV
|d OCLCQ
|d OCLCF
|d JDP
|d OCLCO
|d OCLCQ
|d ZAS
|d OCLCO
|d WaSeSS
|
| 042 |
|
|
|a nsdp
|a pcc
|
| 050 |
0 |
0 |
|a SK601.A1
|b C36
|
| 050 |
1 |
4 |
|a GV191.2
|b .C36
|
| 082 |
1 |
4 |
|a 796
|2 11
|
| 210 |
0 |
|
|a Camping mag.
|
| 222 |
|
4 |
|a The Camping magazine
|
| 245 |
0 |
4 |
|a The Camping magazine
|h [electronic resource].
|
| 260 |
|
|
|a [Boston, Mass.] :
|b [Camp Directors Association]
|
| 310 |
|
|
|a Bimonthly,
|b <Mar./Apr. 2002->
|
| 321 |
|
|
|a 7 times a year,
|b <Apr. 1983->
|
| 321 |
|
|
|a Monthly (except July-Sept.),
|b 1930-42
|
| 321 |
|
|
|a Monthly (except July-Oct.),
|b 1942-
|
| 362 |
1 |
|
|a Began with vol. 1 in 1930.
|
| 500 |
|
|
|a Title varies slightly.
|
| 506 |
|
|
|a License restrictions may limit access.
|
| 515 |
|
|
|a Publication suspended Feb., May, Oct.-Dec. 1933, Dec. 1944.
|
| 515 |
|
|
|a Vol. 1, no. 4-v. 2, no. 6 omitted in numbering.
|
| 550 |
|
|
|a Issued by: Camp Directors Association, <Oct. 1930-June 1932>; American Camping Association, <Jan. 1948->.
|
| 580 |
|
|
|a Issues for 1950- include one annual "buyers guide" issue (which had been issued as a separate publication in 1948-1949 with title: Camp director's handbook and buying guide). Guides for 1950- issued as a second no. for the month of issue, e.g. Feb. 1950, no. 2; with title: Camp director's handbook and buying guide; guides for 1953- issued as a regular month issue of the magazine with distinctive titles: Annual reference and buying guide issue, Camp reference and buying guide, etc.
|
| 588 |
|
|
|a Latest issue consulted: Vol. 81, no. 5 (Sep./Oct. 2008).
|
| 650 |
|
0 |
|a Camping
|v Periodicals.
|
| 650 |
|
7 |
|a Camping.
|2 fast
|0 (OCoLC)fst00844926
|
| 655 |
|
0 |
|a Electronic journals.
|
| 710 |
2 |
|
|a Camp Directors Association (U.S.)
|
| 710 |
2 |
|
|a American Camping Association.
|
| 772 |
1 |
|
|t Camp director's handbook and buying guide
|w (OCoLC)1488497
|
| 772 |
1 |
|
|t Annual reference and buying guide issue
|w (OCoLC)17531816
|
| 776 |
1 |
|
|t Camping magazine
|w (OCoLC)5517407
|
| 776 |
1 |
|
|t Camping magazine
|w (OCoLC)3548461
|
| 780 |
0 |
0 |
|t Camping (Cambridge, Mass.)
|w (OCoLC)10009548
|
| 850 |
|
|
|a CaMWUC
|a DLC
|a IaAS
|a NcU
|a OU
|a OrU
|a ULA
|
| 856 |
4 |
0 |
|z Full text available from Research Library: 01/01/1992 to present
|u https://search.proquest.com/publication/41696
|